Les pays les plus petits d'Europe - Statistiques

Statistiques générales
  • Ce quiz a été pris 325 fois
    301 depuis la dernière actualisation
  • Le résultat moyen est 8 sur 10
Statistiques - réponses
Hint Réponse % Correct
0.44 km² Vatican
96%
2 km² Monaco
95%
468 km² Andorre
91%
2 586 km² Luxembourg
90%
61 km² Saint-Marin
89%
160 km² Liechtenstein
85%
316 km² Malte
81%
10 887 km² Kosovo
77%
13 812 km² Monténégro
66%
20 273 km² Slovénie
51%
Aucun quiz correspondant
Distribution des résultats
% des personnes avec chaque résultat
Percentile par nombre de réponses
Votre historique - résultats
Vous n’avez pas pris ce quiz depuis la dernière actualisation